Memoria sobre el estado del Instituto Vizcaíno de Segunda Enseñanza durante el curso de 1886 á 1887 / (Record no. 161920)

MARC details
000 -LEADER
campo de control de longitud fija 00774nam a22001935i 4500
001 - NÚMERO DE CONTROL
campo de control 161920
003 - IDENTIFICADOR DE NÚMERO DE CONTROL
campo de control ES-MaACL
005 - FECHA Y HORA DE LA ÚLTIMA TRANSACCIÓN
campo de control 20230906212402.0
008 - DATOS DE LONGITUD FIJA--INFORMACIÓN GENERAL
campo de control de longitud fija 041027s1890 sp |||| | spa d
040 ## - FUENTE DE CATALOGACIÓN
Centro catalogador/agencia de origen CAM
Lengua de catalogación spa
Centro/agencia transcriptor CAM
080 ## - NÚMERO DE LA CLASIFICACIÓN DECIMAL UNIVERSAL
Número de la Clasificación Decimal Universal 378.5(460.152)(060.55)
110 2# - ENTRADA PRINCIPAL--NOMBRE DE ENTIDAD CORPORATIVA
Nombre de entidad corporativa o nombre de jurisdicción como elemento de entrada Instituto Vizcaíno.
9 (RLIN) 5253
245 10 - MENCIÓN DEL TÍTULO
Título Memoria sobre el estado del Instituto Vizcaíno de Segunda Enseñanza durante el curso de 1886 á 1887 /
Mención de responsabilidad, etc. por Juan Pérez y Malumbres.
260 ## - PUBLICACIÓN, DISTRIBUCIÓN, ETC.
Lugar de publicación, distribución, etc. Bilbao :
Nombre del editor, distribuidor, etc. [s.n.],
Fecha de publicación, distribución, etc. 1890 (
Fabricante Est. Tip. de la Viuda de E. Calle)
300 ## - DESCRIPCIÓN FÍSICA
Extensión 80 p. ;
Dimensiones 23 cm.
610 24 - PUNTO DE ACCESO ADICIONAL DE MATERIA--NOMBRE DE ENTIDAD CORPORATIVA
Nombre de entidad corporativa o nombre de jurisdicción como elemento de entrada Instituto Vizcaíno-
Subdivisión de forma Memorias.
9 (RLIN) 147223
700 1# - ENTRADA AGREGADA--NOMBRE PERSONAL
Nombre de persona Pérez y Malumbres, Juan.
9 (RLIN) 131472
852 ## - LOCALIZACIÓN
Ubicación ES-MaACL
Número de control de estantería T-531-F-3
Nota libre -- Enc. hol. conservando la cub. original
-- -- Enc. en un vol. facticio
Holdings
Estatus retirado Estado de pérdida Estado de daño No para préstamo Colección Biblioteca de origen Biblioteca actual Ubicación en estantería Fecha de adquisición Total de préstamos Signatura topográfica completa Código de barras Visto por última vez Precio de reemplazo Tipo de ítem Koha
        Colección de folletos Biblioteca del Ateneo de Madrid Biblioteca del Ateneo de Madrid Depósito folletos 17/01/2008   T-531-F-3 1169614 23/02/2023 23/02/2023 Folleto